[Event "Stuttgart-chB int"]
[Site "Ditzingen"]
[Date "2013.05.12"]
[Round "7"]
[White "Erfle, Christian"]
[Black "Meissner, Michael"]
[Result "1/2-1/2"]
[WhiteElo "1724"]
[BlackElo "1885"]
[PlyCount "68"]
[EventDate "2013.05.09"]
[EventType "swiss"]
[EventRounds "7"]
[EventCountry "GER"]
[SourceTitle "EXT 2014"]
[Source "ChessBase"]
[SourceDate "2013.11.20"]
[SourceVersion "1"]
[SourceVersionDate "2013.11.20"]
[SourceQuality "1"]

1. d4 Nf6 2. Nf3 g6 3. c4 Bg7 4. Nc3 d6 5. e4 0-0 6. h3 Na6 7. Be3 c5 8. d5 Nc7 9. a4 e6 10. Qd2 exd5 11. exd5 Re8 12. Bd3 Na6 13. 0-0 Nb4 14. Bb1 Nd7 15. Bh6 Ne5 16. Nxe5 Bxe5 17. Bg5 Bf6 18. Bxf6 Qxf6 19. Ne4 Qe5 20. f4 Qe7 21. Qc3 f5 22. Nf6+ Kf7 23. Nxe8 Qxe8 24. Re1 Qd8 25. Ra3 Bd7 26. Qd2 Qc7 27. Rae3 Re8 28. Rxe8 Bxe8 29. b3 Bd7 30. Bd3 a6 31. Bf1 Qd8 32. Kh2 Qf6 33. g3 h5 34. h4 a5 1/2-1/2

[Event "Stuttgart-chB int"]
[Site "Ditzingen"]
[Date "2013.05.11"]
[Round "5"]
[White "Muench, Werner"]
[Black "Erfle, Christian"]
[Result "1/2-1/2"]
[WhiteElo "1841"]
[BlackElo "1724"]
[PlyCount "32"]
[EventDate "2013.05.09"]
[EventType "swiss"]
[EventRounds "7"]
[EventCountry "GER"]
[SourceTitle "EXT 2014"]
[Source "ChessBase"]
[SourceDate "2013.11.20"]
[SourceVersion "1"]
[SourceVersionDate "2013.11.20"]
[SourceQuality "1"]

1. d4 Nf6 2. c4 e5 3. dxe5 Ng4 4. Nf3 Nc6 5. Nc3 Bb4 6. Bd2 Ngxe5 7. Nxe5 Nxe5 8. e3 0-0 9. a3 Bxc3 10. Bxc3 d6 11. Be2 b6 12. Bf3 Rb8 13. b3 Bb7 14. Bxb7 Rxb7 15. 0-0 Rb8 16. Ra2 Qh4 1/2-1/2

[Event "Stuttgart-chB int"]
[Site "Ditzingen"]
[Date "2013.05.11"]
[Round "6"]
[White "Zimmermann, Tobias"]
[Black "Erfle, Christian"]
[Result "1/2-1/2"]
[WhiteElo "1734"]
[BlackElo "1724"]
[PlyCount "46"]
[EventDate "2013.05.09"]
[EventType "swiss"]
[EventRounds "7"]
[EventCountry "GER"]
[SourceTitle "EXT 2014"]
[Source "ChessBase"]
[SourceDate "2013.11.20"]
[SourceVersion "1"]
[SourceVersionDate "2013.11.20"]
[SourceQuality "1"]

1. e4 g6 2. d4 Bg7 3. f4 d6 4. Nf3 Bg4 5. c3 Nd7 6. Bc4 Bxf3 7. Qxf3 c6 8. 0-0 e6 9. f5 Qe7 10. fxe6 fxe6 11. Be3 Ngf6 12. Nd2 0-0 13. Qh3 d5 14. Bb3 e5 15. Bg5 exd4 16. cxd4 Qb4 17. Nf3 Nb6 18. Bxf6 Rxf6 19. e5 Rxf3 20. Qe6+ Kh8 21. Rxf3 Qxd4+ 22. Kh1 Qxe5 23. Qh3 Re8 1/2-1/2

[Event "Stuttgart-chB int"]
[Site "Ditzingen"]
[Date "2013.05.10"]
[Round "3"]
[White "Erfle, Christian"]
[Black "Steinmassl, Guido"]
[Result "1-0"]
[WhiteElo "1724"]
[BlackElo "1599"]
[PlyCount "47"]
[EventDate "2013.05.09"]
[EventType "swiss"]
[EventRounds "7"]
[EventCountry "GER"]
[SourceTitle "EXT 2014"]
[Source "ChessBase"]
[SourceDate "2013.11.20"]
[SourceVersion "1"]
[SourceVersionDate "2013.11.20"]
[SourceQuality "1"]

1. d4 e6 2. Nf3 Nf6 3. g3 b6 4. Bg2 Bb7 5. 0-0 Nc6 6. c4 d5 7. cxd5 exd5 8. Nc3 Qd7 9. Bf4 Ne4 10. Rc1 Nxc3 11. Rxc3 Bd6 12. Qa4 Rd8 13. Rfc1 Bxf4 14. gxf4 0-0 15. Rxc6 Bxc6 16. Qxc6 Qg4 17. e3 Rfe8 18. Ne5 Qe2 19. Bxd5 Re7 20. b4 Rf8 21. Qc4 Qh5 22. Qb3 Rd8 23. Bxf7+ Rxf7 24. Qxf7+ 1-0

[Event "Stuttgart-chB int"]
[Site "Ditzingen"]
[Date "2013.05.09"]
[Round "1"]
[White "Erfle, Christian"]
[Black "Peng, Yimeh Stella"]
[Result "1-0"]
[WhiteElo "1724"]
[BlackElo "1400"]
[PlyCount "59"]
[EventDate "2013.05.09"]
[EventType "swiss"]
[EventRounds "7"]
[EventCountry "GER"]
[SourceTitle "EXT 2014"]
[Source "ChessBase"]
[SourceDate "2013.11.20"]
[SourceVersion "1"]
[SourceVersionDate "2013.11.20"]
[SourceQuality "1"]

1. d4 d5 2. c4 c6 3. Nc3 Nf6 4. Nf3 Nbd7 5. g3 e6 6. Bg2 c5 7. cxd5 Nxd5 8. 0-0 Be7 9. e4 N5b6 10. a4 cxd4 11. Nxd4 Ne5 12. a5 Nbc4 13. Nc2 Qc7 14. b4 0-0 15. Qe2 Bf6 16. Nb5 Qe7 17. Rb1 Bd7 18. Nbd4 Rfd8 19. f4 Nc6 20. Nxc6 Bxc6 21. Qxc4 Qd7 22. b5 Rac8 23. bxc6 Rxc6 24. Qe2 e5 25. Be3 Ra6 26. Rfd1 Qc7 27. Rxd8+ Qxd8 28. Rxb7 exf4 29. Bxf4 Rxa5 30. Rb8 1-0

[Event "Stuttgart-chB int"]
[Site "Gerlingen"]
[Date "2007.05.19"]
[Round "5"]
[White "Herbst, Karin"]
[Black "Erfle, Christian"]
[Result "0-1"]
[WhiteElo "1349"]
[BlackElo "1679"]
[PlyCount "94"]
[EventDate "2007.05.17"]
[EventType "swiss"]
[EventRounds "7"]
[EventCountry "GER"]
[SourceTitle "EXT 2018"]
[Source "ChessBase"]
[SourceDate "2017.10.13"]
[SourceVersion "1"]
[SourceVersionDate "2017.10.13"]
[SourceQuality "1"]

1. c4 e5 2. Nc3 Nf6 3. Nf3 Nc6 4. e4 Bb4 5. d3 0-0 6. Bg5 h6 7. Bh4 d6 8. Be2 Nd4 9. 0-0 Nxf3+ 10. Bxf3 g5 11. Bg3 Bxc3 12. bxc3 Be6 13. Be2 b6 14. h3 Ne8 15. d4 Qe7 16. d5 Bd7 17. Bg4 f5 18. exf5 Bxf5 19. Bxf5 Rxf5 20. Qh5 Kg7 21. Rae1 Nf6 22. Qd1 Qf7 23. h4 Rf8 24. hxg5 hxg5 25. f3 Nh5 26. Kh2 Rh8 27. Rh1 Rf6 28. Bf2 Rfh6 29. Kg1 Nf4 30. Rxh6 Rxh6 31. Be3 Qh5 32. Bxf4 gxf4 33. Kf2 Qh4+ 34. Ke2 Qg3 35. Rg1 Rh2 36. Kf1 Qg6 37. Kf2 Kf6 38. Qe2 Qg3+ 39. Kf1 Qg6 40. a4 a5 41. Qe4 Qxe4 42. fxe4 Kg5 43. Kf2 Kg4 44. Rf1 f3 45. Rg1 Rxg2+ 46. Rxg2+ fxg2 47. Kxg2 Kf4 0-1

[Event "Stuttgart-chB int"]
[Site "Gerlingen"]
[Date "2007.05.18"]
[Round "3"]
[White "Riedel, Wolfram"]
[Black "Erfle, Christian"]
[Result "0-1"]
[WhiteElo "1124"]
[BlackElo "1679"]
[PlyCount "56"]
[EventDate "2007.05.17"]
[EventType "swiss"]
[EventRounds "7"]
[EventCountry "GER"]
[SourceTitle "EXT 2018"]
[Source "ChessBase"]
[SourceDate "2017.10.13"]
[SourceVersion "1"]
[SourceVersionDate "2017.10.13"]
[SourceQuality "1"]

1. e4 g6 2. d4 Bg7 3. Nf3 d6 4. h3 Nf6 5. Nc3 0-0 6. Be2 Nbd7 7. 0-0 c6 8. Bf4 Qb6 9. Rb1 Qa5 10. a3 Nh5 11. Be3 Nhf6 12. Bf4 e5 13. dxe5 dxe5 14. Be3 Qc7 15. b4 b5 16. Bc5 Nxc5 17. bxc5 Rd8 18. Bd3 Qe7 19. a4 Qxc5 20. Rb3 Be6 21. Nxb5 Bxb3 22. cxb3 cxb5 23. axb5 Qc3 24. Ne1 Nxe4 25. Qc2 Qxc2 26. Bxc2 Nd2 27. Nf3 Nxf1 28. Kxf1 Rab8 0-1

[Event "Stuttgart-chB int"]
[Site "Ditzingen"]
[Date "2005.05.06"]
[Round "4"]
[White "Botond, Laszlo"]
[Black "Erfle, Christian"]
[Result "1/2-1/2"]
[WhiteElo "1755"]
[BlackElo "1640"]
[PlyCount "114"]
[EventDate "2005.05.05"]
[EventType "swiss"]
[EventRounds "7"]
[EventCountry "GER"]
[SourceTitle "EXT 2018"]
[Source "ChessBase"]
[SourceDate "2017.10.13"]
[SourceVersion "1"]
[SourceVersionDate "2017.10.13"]
[SourceQuality "1"]

1. f4 d5 2. Nf3 Nf6 3. e3 c5 4. c3 Nc6 5. d4 cxd4 6. exd4 Bg4 7. Bd3 e6 8. 0-0 Ne4 9. Qe1 Bxf3 10. Rxf3 f5 11. Nd2 Bd6 12. Bc2 a6 13. Nxe4 dxe4 14. Rh3 Qf6 15. Be3 Rc8 16. Qe2 Na5 17. Bf2 Bxf4 18. Bh4 g5 19. Bg3 Bxg3 20. Rxg3 h5 21. Rf1 Qe7 22. Bxe4 fxe4 23. Qxe4 Kd7 24. b4 Nc6 25. d5 Nd8 26. Rd3 e5 27. Rf5 Re8 28. Re3 Nf7 29. Rf1 b5 30. Qf5+ Kc7 31. Qxf7 Qxf7 32. Rxf7+ Kd6 33. Rf5 Kxd5 34. Rxg5 a5 35. a3 axb4 36. axb4 h4 37. Rh5 Rc4 38. g3 hxg3 39. hxg3 Re7 40. Kg2 Re4 41. Kf3 Rxe3+ 42. Kxe3 Kc4 43. Rh4+ Kxc3 44. Re4 Rd7 45. g4 Rd3+ 46. Kf2 Rd7 47. Kg3 Rd3+ 48. Kf2 Rd7 49. g5 Rg7 50. Rg4 e4 51. Ke3 Kxb4 52. Kxe4 Kc3 53. Rg3+ Kc4 54. g6 b4 55. Kf5 b3 56. Kf6 b2 57. Rg1 Rxg6+ 1/2-1/2